LEADER 01005nam a2200241 i 4500 001 000000088575 003 CaOOAMICUS 005 20180830150033.0 008 180830s1968 xx u000 u und u 013 $a60816 020 $a88-00- 040 $aSeMil$bita 100 1 $aSainati, Vittorio,$d<1926-2003>.$0(OLS)http://semarc/name/5550 245 10$aStoria dell' "Organon" aristotelico. I. Dai "Topici" al "De interpretatione". 260 $aFirenze :$bLe Monnier,$c1968. 300 $a294 p. 600 04$aAristotele <384-322 a.C.>.$0(OLS)http://semarc/subject/1987 650 4$aLogica - Filosofia.$0(OLS)http://semarc/subject/2012 850 $aSeMil 852 $aSeMil$W1$xVenegono$y1$m152 18 1 *$j51814$B51814$CSeMilBibl$Z2$F56175 $81 996 $6020$a88-00-$9(OLS)http://semarc/number/68419 996 $6245$aStoria dell' "Organon" aristotelico. I. Dai "Topici" al "De interpretatione"$9(OLS)http://semarc/title/134445 996 $6260$aFirenze :$bLe Monnier$9(OLS)http://semarc/publisher/30060 LEADER 02313nam a2200337 i 4500 001 000000105097 003 CaOOAMICUS 005 20220729143337.0 008 140424s1700 fr u000 u lat u 013 $a77286 026 $ai*77 amam a-is (5RE (3) 1700 (R) 040 $aSeMil$bita 100 0 $aOptatus : Milevitanus,$c.$0(OLS)http://semarc/name/1933 245 10$aSancti Optati Afri milevitani Episcopi de Schismate donatistarum libri septem ad manuscriptos codices et veteres editiones collati, et innumeris in locis emendati. Quibus accessere historia donatistarum una cum monumentis veteribus ad eam spectantibus, nec non geographia episcopalis Africae. Opera & studio M. Ludovici Ellies Dupin .. 260 $aLutetiae Parisiorum :$bApud Andream Pralard, bibliopolam, via San-Jacobaea, ad insigne occasionis,$c1700. 300 $a[22], CIV, 601 [i.e. 599], [1] p., 1 carta di tav. ;$cfol. 500 $aFregi, iniz. xilogr. - Front. stampato in rosso e nero 500 $aMarca editoriale: La Virtů. Una donna coi capelli al vento poggia il piede su un globo alato e regge con entrambe le mani un fiocco. Sullo sfondo un paesaggio marino. Motto: Inimicos virtute superabis (Repertorio consultato: Marques d'impressors, Univ. di Barcellona). 500 $aFondo Bidoglio 500 $aTesto anche su due colonne 500 $aSegn.: pg2 a-2h2 A-7L2 7M2(-M2). - Saltate nella num. le p. 177-178 700 1 $aPralard, André,$c.$0(OLS)http://semarc/name/13643 850 $aSeMil 852 $aSeMil$W1$xVenegono$y1$m2A IX 1 FA$j61368$B61368$CSeMilBibl$Z2$F70687 $8I 900 0 $aOttato : di Milevi. 941 1 $a2 961 $aLascito: Bidoglio don Maurizio 996 $6245$aSancti Optati Afri milevitani Episcopi de Schismate donatistarum libri septem ad manuscriptos codices et veteres editiones collati, et innumeris in locis emendati. Quibus accessere historia donatistarum una cum monumentis veteribus ad eam spectantibus, nec non geographia episcopalis Africae. Opera & studio M. Ludovici Ellies Dupin ..$9(OLS)http://semarc/title/152202 996 $6260$aLutetiae Parisiorum :$bApud Andream Pralard, bibliopolam, via San-Jacobaea, ad insigne occasionis$9(OLS)http://semarc/publisher/44755